Đạo Khổng và dân chủ : Nghiên cứu thực nghiệm ở Trung Hoa đại lục, Đài Loan và Hồng Kông /

Spremljeno u:
Bibliografski detalji
Glavni autor: Chu Y un-han, GS.TS.
Daljnji autori: Mai Huỳnh (dịch.)
Format: Članak
Jezik:Vietnamese
Teme:
Oznake: Dodaj oznaku
Bez oznaka, Budi prvi tko označuje ovaj zapis!
Thư viện lưu trữ: Thư viện Trường Đại học Đà Lạt
LEADER 00879nam a2200277 4500
001 DLU090072149
005 ##20090508
040 # # |a DLU  |b vie 
041 # # |a vie 
044 # # |a vn 
100 # # |a Chu Y un-han,  |c GS.TS. 
245 # # |a Đạo Khổng và dân chủ :  |b Nghiên cứu thực nghiệm ở Trung Hoa đại lục, Đài Loan và Hồng Kông /  |c Chu Y un-han; Mai Huỳnh dịch. 
653 # # |a Đạo Khổng 
653 # # |a Dân chủ 
653 # # |a Triết học Trung Quốc 
700 # # |a Mai Huỳnh,  |e dịch. 
773 # # |t Nghiên cứu Con người  |g Số 6(15), 2004, tr. 22-38 
920 # # |a Phòng Tạp chí -- Trung tâm Thông tin - Thư viện Trường Đại học Đà Lạt 
994 # # |a DLU 
900 # # |a True 
911 # # |a Đào Thị Thu Huyền 
925 # # |a G 
926 # # |a A 
927 # # |a BB 
980 # # |a Thư viện Trường Đại học Đà Lạt